00677 2200229 4500001002100000005001500021035002000036245011000056100001700166250000600183300003600189700001600225260004300241082001100284084001700295020001800312650002500330008004100355990001700396990001700413990001700430INLIS00000000000030920180927043736 a0010-09180001631 aSeri Kisah Pejuang Islam :bKasman Singodimedjo ( Singa Podium ) /cYudi Pramuko; ilustrator, Toto Rianto0 aYudi Pramuko a- av, 54 hlm. :bilus. ;c29,7 cm.0 aToto Rianto aBandung :bPT Remaja Rosdakarya,c2006 a922.97 a922.97 YUD s a979-692-153-7 aBiografi Tokoh Islam180927 0  a01310/P/2018 a01311/P/2018 a01312/P/2018